| 000 | 00437nam a2200157Ia 4500 | ||
|---|---|---|---|
| 008 | 230312s9999||||xx |||||||||||||| ||und|| | ||
| 020 | _a81-315-0311-9 | ||
| 082 |
_a658.15 _bBRI-F |
||
| 100 | _aBrigham Eugene F. | ||
| 245 | 0 | _aFinancial Management | |
| 260 |
_bTHOMSON _aAustralia _c2005 |
||
| 300 | _a1000 | ||
| 546 | _aEng. | ||
| 650 |
_aManagement _vSecurities and their Valuation , Corporate Valuation , Special Topics |
||
| 942 | _cBK | ||
| 999 |
_c4514 _d4514 |
||